Partiti politici italiani - VII Legislatura - Statistics

Statistiche generali
  • Questo quiz è stato fatto 16 volte
  • Il punteggio medio è 12 su 14
Statistiche sulle risposte
Seggi Camera Seggi Senato Collocazione Partito politico % Corretto
35 15 Estrema destra Movimento Sociale Italiano - Destra Nazionale
100%
228 116 Sinistra Partito Comunista Italiano
100%
0 1 Sinistra Partito Comunista Italiano-Partito Socialista Italiano
100%
1 0 Sinistra / Estrema sinistra Partito Comunista Italiano-Partito Socialista Italiano-Partito di Unità Proletaria per il Comunismo
100%
4 0 Centro-sinistra Partito Radicale
100%
262 135 Centro Democrazia Cristiana
93%
0 1 Centro Democrazia Cristiana-Union Valdôtaine-Union Valdôtaine Progressiste-Partito Repubblicano Italiano
93%
0 2 Centro destra / Centro / Centro-sinistra Partito Liberale Italiano-Partito Repubblicano Italiano-Partito Socialista Democratico Italiano
86%
57 29 Sinistra Partito Socialista Italiano
86%
5 2 Centro-destra Partito Liberale Italiano
79%
14 6 Centro Partito Repubblicano Italiano
79%
15 6 Centro-sinistra Partito Socialista Democratico Italiano
79%
6 0 Estrema sinistra Democrazia Proletaria
50%
3 2 Centro Partito Popolare Sudtirolese
50%
Nessun quiz corrispondente trovato
Distribuzione punteggi
Percentuale di utenti per punteggio
Percentile per numero di risposta
I tuoi punteggi nel tempo
Non hai fatto questo quiz